000 01790cam a22002295a 4500
001 E158050
008 100114s2010 xxk f 000 0 eng d
022 1 _a1471-2032
035 _a(Sirsi) u158050
041 0 _aeng
050 0 4 _a690 $2 18
110 2 _aBuilding Research Establishment
245 0 0 _aProfessional development plus
_bCD 46 2013
_h[electronic resource]
260 _aWatford
_bBRE Press
_c2014
300 _a1 CD-ROM
505 2 _aDigests 528 to 530 -- Good Repair Guide 37 part 2 and 3 -- Information Papers 1/13 to 17/13 -- BRE books January - December 2013 -- BRE 135, Fire performance of external thermal insulation for walls of multistorey buildings -- BRE Trust reports January - December 2013 -- FB 52, Evacuating vulnerable and dependent people from buildings in an emergency -- FB 53, Refurbishing stairs in dwellings to reduce the risk of falls and injuries -- FB 54, Dealing with difficult demolition wastes -- FB 55, Security glazing: is it all that it's cracked up to be? -- FB 56, The essential guide to retail lighting -- FB 57, Environmental impact of metals -- FB 58, Environmental impact of brick, stone and concrete -- FB 59, Design of low-temperature domestic heating systems -- FB 60, Performance of photovoltaic systems on non-domestic buildings -- FB 61, Reducing thermal bridging at junctions when designing and installing solid wall insulation -- FB 62, Housing in the UK -- AP 296, BRE Trust Annual Review 2012 -- AP 297, Index to BRE Digests, Guides, Information Papers
520 _aContains technical reports and guidance on good construction practice issued by BRE during 2013.
651 4 _aUnited Kingdom
_y
690 _aBUILT ENVIRONMENT
856 4 8 _uhttps://www.rics.org/library
_zCDs can only be used in the library.
942 _n0
999 _c85471
_d85471